00997nam a2200217 a 450000100100000000500170001000800410002704000250006808200190009310000280011224501160014026000480025630000270030450000770033165000400040865000400044870000340048895201170052295201230063999900170076200004514820240409073826.0150205s2011 dr a 000 j spa d aDO-SdBNPbspacBNPHU aRD863.5bP349e1 aPeña, Porfirio96314510aEmilia y el dinosaurio :bcuentos para niños y jóvenes /cPorfirio Peña Bernald ; prólogo Ricardo Vega. aSanto Domingo :bUn Amigo para Leer,c2011. a70 p. :bil. ;c21 cm. aIncluye datos biográficos del autor en la solapa de la contracubierta. 0aCuentos infantiles dominicanos9505 4aLiteratura infantil dominicana944112aVega, Ricardoepról.963146 0010718PDaPDbPDcCTd2015-02-05iLF1l0oRD863.5 P349ep45148-10r2020-06-25w2020-06-25yLFPDZNo se presta 0010718PDaPDbPDcCTd2015-02-05iLF1l0oRD863.5 P349ep45148-20r2020-06-25te. 2w2020-06-25yLFPDZNo se presta c44637d44637